[Event "Porto Mannu op 8th"]
[Site "Porto Mannu"]
[Date "2016.06.11"]
[Round "9"]
[White "Parrini, Daniele"]
[Black "Kerigan, Demre"]
[Result "0-1"]
[WhiteElo "2137"]
[BlackElo "2332"]
[PlyCount "62"]
[EventDate "2016.06.04"]
[EventType "swiss"]
[EventRounds "9"]
[EventCountry "ITA"]
[SourceTitle "CBM 172 Extra"]
[Source "ChessBase"]
[SourceDate "2016.06.21"]
[SourceVersion "1"]
[SourceVersionDate "2016.06.21"]
[SourceQuality "1"]

1. Nf3 Nf6 2. c4 g6 3. d4 Bg7 4. g3 0-0 5. Bg2 d6 6. 0-0 Nbd7 7. Nc3 e5 8. e4 c6 9. h3 Qa5 10. Be3 exd4 11. Nxd4 Re8 12. Qc2 Nb6 13. b3 Be6 14. Rad1 Rad8 15. Nxe6 Rxe6 16. Ne2 Rde8 17. Nf4 R6e7 18. Bd2 Qa6 19. Bc3 Qa3 20. Bb2 Qa5 21. Bc3 Qc5 22. Bd4 Qg5 23. Qb2 Nbd7 24. Bc3 h5 25. Rxd6 h4 26. Ne2 Nxe4 27. Bxe4 Rxe4 28. Bxg7 Rxe2 29. Qd4 hxg3 30. Rxd7 g2 31. f4 gxf1Q+ 0-1

[Event "Porto Mannu op 8th"]
[Site "Porto Mannu"]
[Date "2016.06.07"]
[Round "5"]
[White "Parrini, Daniele"]
[Black "Jakubowski, Krzysztof"]
[Result "0-1"]
[WhiteElo "2137"]
[BlackElo "2563"]
[PlyCount "100"]
[EventDate "2016.06.04"]
[EventType "swiss"]
[EventRounds "9"]
[EventCountry "ITA"]
[SourceTitle "CBM 172 Extra"]
[Source "ChessBase"]
[SourceDate "2016.06.21"]
[SourceVersion "1"]
[SourceVersionDate "2016.06.21"]
[SourceQuality "1"]

1. Nf3 g6 2. c4 Bg7 3. Nc3 c5 4. e3 Nf6 5. d4 cxd4 6. exd4 0-0 7. d5 e5 8. dxe6 dxe6 9. Qxd8 Rxd8 10. Bf4 Nc6 11. Be2 b6 12. 0-0 Ba6 13. Rfd1 Ne8 14. Rac1 h6 15. h3 f5 16. Rxd8 Rxd8 17. Rd1 Rxd1+ 18. Nxd1 e5 19. Bh2 Nd6 20. b3 g5 21. Ne3 Bc8 22. Nd5 f4 23. Nd2 Be6 24. Nc3 Nb4 25. Bf3 Kf7 26. Be4 Nxe4 27. Ndxe4 Bf8 28. Kf1 Bf5 29. f3 Bxe4 30. fxe4 Bc5 31. Bg1 Bxg1 32. Kxg1 Ke6 33. Kf2 Kd6 34. a3 Nc2 35. Nb5+ Kc5 36. Nxa7 Nxa3 37. Nc8 Nc2 38. Ne7 Nd4 39. Nf5 Nxb3 40. Nxh6 Nd2 41. Ke2 Nxe4 42. Nf7 Kd4 43. Kf3 Nf6 44. Nxg5 Kxc4 45. Ke2 b5 46. Kd2 b4 47. Nf3 e4 48. Ne5+ Kb3 49. Ng4 e3+ 50. Kd3 Nxg4 0-1

[Event "Salinello op 1st"]
[Site "Tortoreto"]
[Date "2015.05.26"]
[Round "1"]
[White "Greenfeld, Alon"]
[Black "Parrini, Daniele"]
[Result "1-0"]
[WhiteElo "2544"]
[BlackElo "2180"]
[PlyCount "55"]
[EventDate "2015.05.26"]
[EventType "swiss"]
[EventRounds "9"]
[EventCountry "ITA"]
[SourceTitle "CBM 166 Extra"]
[Source "ChessBase"]
[SourceDate "2015.06.18"]
[SourceVersion "1"]
[SourceVersionDate "2015.06.18"]
[SourceQuality "1"]

1. d4 Nf6 2. Nf3 g6 3. c4 Bg7 4. g3 d5 5. cxd5 Nxd5 6. Bg2 Nb6 7. Nc3 Nc6 8. e3 0-0 9. 0-0 Re8 10. h3 e5 11. d5 Na5 12. e4 c6 13. Re1 cxd5 14. exd5 Nac4 15. a4 a5 16. b3 Nd6 17. Ba3 Nf5 18. Rc1 Bd7 19. Ne4 Rc8 20. Nc5 Qe7 21. g4 Nh4 22. d6 Qf6 23. Nxh4 Qxh4 24. Nxd7 Nxd7 25. Rc7 Qd8 26. Qd5 Rxc7 27. dxc7 Qxc7 28. Rc1 1-0

[Event "Montesilvano Adriatico op 5th"]
[Site "Montesilvano"]
[Date "2014.09.21"]
[Round "5"]
[White "Parrini, Daniele"]
[Black "Pescatore, Lorenzo"]
[Result "1/2-1/2"]
[WhiteElo "2125"]
[BlackElo "2251"]
[PlyCount "54"]
[EventDate "2014.09.19"]
[EventType "swiss"]
[EventRounds "5"]
[EventCountry "ITA"]
[SourceTitle "EXT 2016"]
[Source "ChessBase"]
[SourceDate "2015.10.08"]
[SourceVersion "1"]
[SourceVersionDate "2015.10.08"]
[SourceQuality "1"]

1. e4 c5 2. Nf3 Nc6 3. d4 cxd4 4. Nxd4 g6 5. c4 Nf6 6. Nc3 d6 7. f3 Nxd4 8. Qxd4 Bg7 9. Be3 0-0 10. Qd2 Be6 11. Be2 Nd7 12. 0-0 a5 13. Na4 Qc7 14. Rac1 b6 15. b3 Nc5 16. Nc3 Qb7 17. Nb5 Bd7 18. Nd4 Rad8 19. Rfd1 Qb8 20. Kh1 Kh8 21. Rb1 e5 22. Nb5 Bxb5 23. cxb5 f5 24. exf5 gxf5 25. Bc4 Qc7 26. Bd5 Qd7 27. Qe2 Qe7 1/2-1/2

[Event "Porto San Giorgio op 25th"]
[Site "Porto San Giorgio"]
[Date "2014.08.25"]
[Round "4"]
[White "Parrini, Daniele"]
[Black "Bentivegna, Francesco"]
[Result "0-1"]
[WhiteElo "2125"]
[BlackElo "2302"]
[PlyCount "44"]
[EventDate "2014.08.22"]
[EventType "swiss"]
[EventRounds "9"]
[EventCountry "ITA"]
[SourceTitle "CBM 162 Extra"]
[Source "ChessBase"]
[SourceDate "2014.10.17"]
[SourceVersion "1"]
[SourceVersionDate "2014.10.17"]
[SourceQuality "1"]

1. e4 e5 2. Nf3 Nc6 3. Bc4 Nf6 4. d3 d5 5. exd5 Nxd5 6. c3 Nb6 7. Bb3 Bf5 8. Ng5 Bg6 9. 0-0 h6 10. Ne4 Qd7 11. a4 a5 12. Qe2 0-0-0 13. Bc2 f5 14. Ng3 h5 15. f4 h4 16. Nh1 Re8 17. h3 Bc5+ 18. Nf2 exf4 19. Qf3 Bh5 20. Qxf4 g5 21. Qxg5 Reg8 22. Qf4 Qd5 0-1

[Event "Pescia op-A 4th"]
[Site "Pescia"]
[Date "2011.09.16"]
[Round "1"]
[White "Tazzioli, Luca"]
[Black "Parrini, Daniele"]
[Result "0-1"]
[WhiteElo "1833"]
[BlackElo "2116"]
[PlyCount "52"]
[EventDate "2011.09.16"]
[EventType "swiss"]
[EventRounds "5"]
[EventCountry "ITA"]
[SourceTitle "EXT 2015"]
[Source "ChessBase"]
[SourceDate "2014.11.20"]
[SourceVersion "1"]
[SourceVersionDate "2014.11.20"]
[SourceQuality "1"]

1. e4 c5 2. d3 g6 3. g3 Bg7 4. Bg2 Nc6 5. Nf3 d6 6. 0-0 e5 7. Nbd2 Nge7 8. a4 0-0 9. Re1 h6 10. Nc4 Be6 11. Nfd2 Qd7 12. c3 Rad8 13. Qe2 d5 14. exd5 Nxd5 15. Ne4 b6 16. a5 f5 17. Ned2 b5 18. Nxe5 Nxe5 19. f4 Nxd3 20. Qxd3 c4 21. Qf1 Nxc3 22. Nf3 Nd5 23. Ne5 Bxe5 24. Rxe5 Nb4 25. Qe2 Rfe8 26. Re3 Qd1+ 0-1

[Event "Foligno op"]
[Site "Foligno"]
[Date "2010.06.06"]
[Round "5"]
[White "Puglisi, Vincenzo"]
[Black "Parrini, Daniele"]
[Result "1-0"]
[WhiteElo "2015"]
[BlackElo "2120"]
[PlyCount "69"]
[EventDate "2010.06.04"]
[EventType "swiss"]
[EventRounds "6"]
[EventCountry "ITA"]
[SourceTitle "CBM 136 Extra"]
[Source "ChessBase"]
[SourceDate "2010.07.02"]
[SourceVersion "2"]
[SourceVersionDate "2010.07.15"]
[SourceQuality "1"]

1. e4 c5 2. Nf3 e6 3. d4 cxd4 4. Nxd4 a6 5. c4 Nf6 6. Nc3 Bb4 7. e5 Qa5 8. exf6 Bxc3+ 9. Bd2 Qe5+ 10. Ne2 Bxd2+ 11. Qxd2 Qxf6 12. Ng3 0-0 13. Be2 Nc6 14. Rd1 e5 15. 0-0 Nd4 16. Bd3 d6 17. f4 Qe7 18. Rde1 Qc7 19. fxe5 dxe5 20. Qg5 f6 21. Qh5 g6 22. Qh4 f5 23. Qg5 Ne6 24. Qh6 Nf4 25. Bc2 Be6 26. Rxf4 exf4 27. Rxe6 fxg3 28. Bb3 gxh2+ 29. Kh1 Qg7 30. Qe3 Kh8 31. c5 Rf7 32. Re5 f4 33. Qe4 Rff8 34. Re7 Qxb2 35. Qxb7 1-0

[Event "Foligno op"]
[Site "Foligno"]
[Date "2010.06.04"]
[Round "2"]
[White "Parrini, Daniele"]
[Black "Fracasso Fuellbeck, Massimo"]
[Result "1-0"]
[WhiteElo "2120"]
[BlackElo "1792"]
[PlyCount "81"]
[EventDate "2010.06.04"]
[EventType "swiss"]
[EventRounds "6"]
[EventCountry "ITA"]
[SourceTitle "CBM 136 Extra"]
[Source "ChessBase"]
[SourceDate "2010.07.02"]
[SourceVersion "2"]
[SourceVersionDate "2010.07.15"]
[SourceQuality "1"]

1. e4 c5 2. Nf3 d6 3. d4 cxd4 4. Nxd4 Nf6 5. Nc3 a6 6. g3 e6 7. Bg2 Be7 8. 0-0 Qc7 9. Be3 Bd7 10. f4 Nc6 11. Kh1 Nxd4 12. Qxd4 Bc6 13. a4 0-0 14. a5 Rad8 15. Qd2 Qb8 16. Bb6 Rd7 17. Rfd1 d5 18. e5 Ne8 19. Na4 Bxa4 20. Rxa4 f6 21. Bh3 f5 22. c4 Nc7 23. g4 g6 24. gxf5 gxf5 25. b4 Kh8 26. Ra3 Rdd8 27. Rd3 dxc4 28. Rd6 Bxd6 29. exd6 Ne8 30. Bxd8 Qxd8 31. Qd4+ Kg8 32. Qxc4 Qd7 33. Qc5 Rf7 34. Bf1 Rg7 35. b5 Nf6 36. Rc1 h6 37. Qc8+ Kh7 38. Qxd7 Nxd7 39. bxa6 bxa6 40. Bxa6 Nb8 41. Rc7 1-0

[Event "Florence op 17th"]
[Site "Florence"]
[Date "2009.12.08"]
[Round "5"]
[White "Caprino, Marco"]
[Black "Parrini, Daniele"]
[Result "0-1"]
[WhiteElo "1888"]
[BlackElo "2072"]
[PlyCount "82"]
[EventDate "2009.12.06"]
[EventType "swiss"]
[EventRounds "6"]
[EventCountry "ITA"]
[SourceTitle "EXT 2012"]
[Source "ChessBase"]
[SourceDate "2011.11.24"]
[SourceVersion "1"]
[SourceVersionDate "2011.11.24"]
[SourceQuality "1"]

1. Nf3 g6 2. c4 Bg7 3. g3 c5 4. Bg2 Nc6 5. Nc3 e5 6. d3 Nge7 7. 0-0 0-0 8. a3 d6 9. Rb1 a5 10. Nb5 h6 11. Bd2 Be6 12. b4 axb4 13. axb4 Nxb4 14. Bxb4 cxb4 15. Rxb4 d5 16. c5 b6 17. cxb6 Qxb6 18. Rb1 Qa5 19. Qd2 Qxd2 20. Nxd2 Ra2 21. Rfd1 Rb8 22. Nc3 Rxb1 23. Ndxb1 Rb2 24. e3 d4 25. exd4 exd4 26. Ne4 Bb3 27. Re1 Bc2 28. Na3 Bxd3 29. Nc5 Nf5 30. Nxd3 Rb3 31. Nf4 Rxa3 32. Re8+ Bf8 33. Bd5 Kg7 34. Kf1 d3 35. Rd8 Ra1+ 36. Kg2 d2 37. Bf3 Nd6 38. Rd7 d1Q 39. Bxd1 Rxd1 40. Ne6+ Kg8 41. Nd8 Rc1 0-1

[Event "Arco op 31st"]
[Site "Arco"]
[Date "2009.10.21"]
[Round "6"]
[White "Zucchelli, Massimo"]
[Black "Parrini, Daniele"]
[Result "1-0"]
[WhiteElo "2159"]
[BlackElo "2022"]
[PlyCount "76"]
[EventDate "2009.10.17"]
[EventType "swiss"]
[EventRounds "9"]
[EventCountry "ITA"]
[SourceTitle "EXT 2010"]
[Source "ChessBase"]
[SourceDate "2010.11.25"]
[SourceVersion "1"]
[SourceVersionDate "2010.11.25"]
[SourceQuality "1"]

1. d4 Nf6 2. Nf3 g6 3. Bf4 Bg7 4. e3 0-0 5. Be2 d6 6. h3 Nbd7 7. 0-0 c5 8. c3 b6 9. Nbd2 Bb7 10. a4 a6 11. Qb3 Qc7 12. Rfd1 Rac8 13. Qa2 cxd4 14. exd4 Nd5 15. Bh2 Bh6 16. Bf1 Qc6 17. c4 Nb4 18. Qb3 a5 19. Re1 e5 20. Ne4 d5 21. cxd5 Qxd5 22. Qd1 exd4 23. Bb5 Bg7 24. Nd6 Rcd8 25. Bc4 Qc6 26. Bb5 Qd5 27. Bc4 Qc6 28. Nxb7 Qxb7 29. Bd6 Rfe8 30. Ng5 Nd5 31. Qb3 N7f6 32. Be5 h6 33. Nf3 Nh5 34. Bxd4 Rxe1+ 35. Rxe1 Bxd4 36. Nxd4 Ndf4 37. Nf3 Nxh3+ 38. gxh3 Qxf3 1-0

[Event "Arco op 31st"]
[Site "Arco"]
[Date "2009.10.19"]
[Round "3"]
[White "Parrini, Daniele"]
[Black "Salati, Paolo"]
[Result "0-1"]
[WhiteElo "2022"]
[BlackElo "1866"]
[PlyCount "82"]
[EventDate "2009.10.17"]
[EventType "swiss"]
[EventRounds "9"]
[EventCountry "ITA"]
[SourceTitle "EXT 2010"]
[Source "ChessBase"]
[SourceDate "2010.11.25"]
[SourceVersion "1"]
[SourceVersionDate "2010.11.25"]
[SourceQuality "1"]

1. e4 Nf6 2. e5 Nd5 3. d4 d6 4. Nf3 Bg4 5. Be2 Nc6 6. e6 fxe6 7. Ng5 Bxe2 8. Qxe2 Nxd4 9. Qe4 c5 10. c3 Nf6 11. Qd3 Nc6 12. Nxe6 Qd7 13. Qf5 Nd8 14. Nc7+ Qxc7 15. 0-0 Qd7 16. Qd3 Nc6 17. Bf4 0-0-0 18. b4 e5 19. Be3 e4 20. Qc2 b6 21. a4 c4 22. Nd2 d5 23. b5 Na5 24. f3 Bd6 25. fxe4 Bxh2+ 26. Kh1 Be5 27. exd5 Qg4 28. Nf3 Qh5+ 29. Kg1 Rxd5 30. Rfd1 Rhd8 31. Rxd5 Rxd5 32. Re1 Bg3 33. Rd1 Rxd1+ 34. Qxd1 Qd5 35. Nd4 Qh5 36. Nf3 Qd5 37. Nd4 Qe4 38. Bf2 Bxf2+ 39. Kxf2 Ng4+ 40. Kg3 Ne3 41. Qh5 Qg6+ 0-1

[Event "Porto San Giorgio op-A 21st"]
[Site "Porto San Giorgio"]
[Date "2009.08.23"]
[Round "3"]
[White "Peredy, Ferenc"]
[Black "Parrini, Daniele"]
[Result "1-0"]
[WhiteElo "2277"]
[BlackElo "2036"]
[PlyCount "59"]
[EventDate "2009.08.21"]
[EventType "swiss"]
[EventRounds "9"]
[EventCountry "ITA"]
[SourceTitle "CBM 131 Extra"]
[Source "ChessBase"]
[SourceDate "2009.09.03"]
[SourceVersion "2"]
[SourceVersionDate "2009.09.16"]
[SourceQuality "1"]

1. e4 d6 2. d4 Nf6 3. Nc3 g6 4. f3 c6 5. Be3 Nbd7 6. Qd2 b5 7. g4 Nb6 8. b3 Bb7 9. h4 h5 10. g5 Nfd7 11. Bg2 Bg7 12. a4 b4 13. Nce2 a5 14. Rd1 0-0 15. f4 c5 16. d5 f5 17. gxf6 Nxf6 18. Nh3 Ng4 19. Ng5 Bc8 20. 0-0 Bf6 21. Kh1 Nxe3 22. Qxe3 Bg4 23. Bh3 Bxg5 24. Bxg4 Bxh4 25. Be6+ Kh7 26. Qh3 Bf6 27. f5 Be5 28. fxg6+ Kxg6 29. Bf5+ Kh6 30. Qe3+ 1-0

[Event "Campobasso op 16th"]
[Site "Campobasso"]
[Date "2009.07.25"]
[Round "3"]
[White "Parrini, Daniele"]
[Black "Vanacore, Francesco"]
[Result "1/2-1/2"]
[WhiteElo "2036"]
[BlackElo "2055"]
[PlyCount "65"]
[EventDate "2009.07.24"]
[EventType "swiss"]
[EventRounds "6"]
[EventCountry "ITA"]
[SourceTitle "EXT 2012"]
[Source "ChessBase"]
[SourceDate "2011.11.24"]
[SourceVersion "1"]
[SourceVersionDate "2011.11.24"]
[SourceQuality "1"]

1. e4 e6 2. d3 d5 3. Nd2 c5 4. Ngf3 Nc6 5. g3 Bd6 6. Bg2 Nge7 7. 0-0 0-0 8. Nh4 Bc7 9. f4 f5 10. c3 b5 11. exf5 exf5 12. Re1 Rb8 13. Nhf3 g6 14. Ng5 h6 15. Ne6 Bxe6 16. Rxe6 Qd7 17. Re1 Rfe8 18. Nb3 Bb6 19. d4 cxd4 20. cxd4 Nxd4 21. Nxd4 Nc6 22. Be3 Rxe3 23. Rxe3 Bxd4 24. Qf3 Re8 25. Rae1 Rxe3 26. Rxe3 Bxe3+ 27. Qxe3 Kh7 28. Qc5 Ne7 29. Kf2 d4 30. Bf1 a6 31. a4 bxa4 32. Bxa6 Qe6 33. Qe5 1/2-1/2

[Event "Campobasso op 16th"]
[Site "Campobasso"]
[Date "2009.07.24"]
[Round "2"]
[White "Gromovs, Sergejs"]
[Black "Parrini, Daniele"]
[Result "1-0"]
[WhiteElo "2339"]
[BlackElo "2036"]
[PlyCount "67"]
[EventDate "2009.07.24"]
[EventType "swiss"]
[EventRounds "6"]
[EventCountry "ITA"]
[SourceTitle "EXT 2012"]
[Source "ChessBase"]
[SourceDate "2011.11.24"]
[SourceVersion "1"]
[SourceVersionDate "2011.11.24"]
[SourceQuality "1"]

1. d4 Nf6 2. Nf3 g6 3. c4 Bg7 4. Nc3 d5 5. cxd5 Nxd5 6. e4 Nxc3 7. bxc3 c5 8. Rb1 0-0 9. Be2 cxd4 10. cxd4 Qa5+ 11. Qd2 Qxd2+ 12. Bxd2 b6 13. 0-0 Ba6 14. Bxa6 Nxa6 15. Bg5 h6 16. Be3 Rac8 17. a4 f5 18. exf5 gxf5 19. a5 bxa5 20. Rb5 Nb4 21. g3 f4 22. gxf4 Nd3 23. f5 e6 24. Nh4 exf5 25. Nxf5 Rxf5 26. Rxf5 a4 27. Ra5 Rc4 28. Rd1 Nb2 29. Rb1 Rc2 30. Rxa7 Bf8 31. Kh1 Nd3 32. Rg1+ Kh8 33. Rf7 Bb4 34. Rf6 1-0

[Event "Lucca op 20th"]
[Site "Lucca"]
[Date "2008.10.12"]
[Round "6"]
[White "Vuelban, Virgilio"]
[Black "Parrini, Daniele"]
[Result "1-0"]
[WhiteElo "2390"]
[BlackElo "2034"]
[PlyCount "118"]
[EventDate "2008.10.04"]
[EventType "swiss"]
[EventRounds "6"]
[EventCountry "ITA"]
[SourceTitle "EXT 2011"]
[Source "ChessBase"]
[SourceDate "2010.11.26"]
[SourceVersion "1"]
[SourceVersionDate "2010.11.26"]
[SourceQuality "1"]

1. d4 Nf6 2. c4 g6 3. Nc3 d5 4. cxd5 Nxd5 5. e4 Nxc3 6. bxc3 Bg7 7. Bc4 c5 8. Ne2 0-0 9. 0-0 Nc6 10. Be3 Qc7 11. Rc1 Rd8 12. Qd2 Qa5 13. Rfd1 cxd4 14. cxd4 Qxd2 15. Rxd2 Na5 16. Bd3 Bd7 17. Rdc2 b5 18. Rc7 a6 19. Bd2 Nc4 20. Bb4 Bf8 21. Bxc4 bxc4 22. Nc3 Rac8 23. Ra7 Ra8 24. Rxa8 Rxa8 25. f4 e6 26. Bxf8 Kxf8 27. Rb1 Ra7 28. Kf2 f5 29. e5 Ke7 30. Rb6 Bc8 31. Ke3 Bb7 32. g3 Kd7 33. Na4 Bd5 34. Nc5+ Ke7 35. Kd2 c3+ 36. Kxc3 Bxa2 37. Rb8 Rc7 38. Rh8 h5 39. Kb2 Bd5 40. Rh6 Rc6 41. Rxg6 Rb6+ 42. Kc3 a5 43. Rg7+ Ke8 44. Ra7 Rb1 45. Rxa5 Rh1 46. Ra6 Kf7 47. Ra7+ Ke8 48. h4 Rg1 49. Rg7 Kf8 50. Rg5 Kf7 51. Nd3 Bf3 52. Nc5 Bg4 53. Nb7 Rxg3+ 54. Kb4 Rf3 55. Na5 Rxf4 56. Kc5 Bd1 57. d5 exd5 58. Kd6 Ke8 59. e6 Kf8 1-0

[Event "Zichichi Memorial"]
[Site "Ladispoli"]
[Date "2008.05.??"]
[Round "2"]
[White "Maddaloni, Giovanni"]
[Black "Parrini, Daniele"]
[Result "0-1"]
[WhiteElo "1808"]
[BlackElo "2054"]
[PlyCount "62"]
[EventDate "2008.05.01"]
[EventType "swiss"]
[EventRounds "7"]
[EventCountry "ITA"]
[SourceTitle "EXT 2009"]
[Source "ChessBase"]
[SourceDate "2008.11.26"]
[SourceVersion "1"]
[SourceVersionDate "2008.11.26"]
[SourceQuality "1"]

1. f4 Nf6 2. Nf3 g6 3. d3 d5 4. g3 Bg7 5. Bg2 0-0 6. 0-0 d4 7. e4 dxe3 8. Bxe3 Ng4 9. Bc1 Bd4+ 10. Nxd4 Qxd4+ 11. Kh1 Nf2+ 12. Rxf2 Qxf2 13. Bd2 Nc6 14. Nc3 Bg4 15. Qc1 Bf3 16. Bxf3 Qxf3+ 17. Kg1 Nd4 18. Be1 c5 19. Bf2 Rfe8 20. Qd2 e5 21. Rf1 Qc6 22. Bxd4 exd4 23. Ne4 f5 24. Nf2 Re3 25. c3 Rae8 26. cxd4 cxd4 27. Qb4 Qd5 28. Qa4 Re2 29. Qd1 Rxb2 30. Re1 Rxe1+ 31. Qxe1 Kf7 0-1

[Event "Zichichi Memorial"]
[Site "Ladispoli"]
[Date "2008.05.??"]
[Round "1"]
[White "Parrini, Daniele"]
[Black "Mariani, Francesca"]
[Result "1-0"]
[WhiteElo "2054"]
[BlackElo "1266"]
[PlyCount "61"]
[EventDate "2008.05.01"]
[EventType "swiss"]
[EventRounds "7"]
[EventCountry "ITA"]
[SourceTitle "EXT 2009"]
[Source "ChessBase"]
[SourceDate "2008.11.26"]
[SourceVersion "1"]
[SourceVersionDate "2008.11.26"]
[SourceQuality "1"]

1. d4 Nf6 2. c4 g6 3. Nc3 Bg7 4. e4 d6 5. Nf3 0-0 6. Be2 Nbd7 7. Bg5 e5 8. d5 a5 9. Rb1 Qe8 10. Qc2 Nc5 11. b3 h6 12. Bh4 Nh7 13. Nb5 Qd7 14. a3 f5 15. Nd2 f4 16. f3 g5 17. Bf2 Nf6 18. b4 axb4 19. axb4 Na6 20. c5 dxc5 21. bxc5 c6 22. Nc3 cxd5 23. exd5 g4 24. Bc4 Kh8 25. Nde4 Rg8 26. Rb6 Qf7 27. Nd6 Qc7 28. Qg6 Rf8 29. Ncb5 Qe7 30. 0-0 Nc7 31. Nxc8 1-0

[Event "Rome Autunno Accademia op"]
[Site "Rome"]
[Date "2007.10.13"]
[Round "2"]
[White "Parrini, Daniele"]
[Black "Vuelban, Virgilio"]
[Result "0-1"]
[WhiteElo "2042"]
[BlackElo "2399"]
[PlyCount "70"]
[EventDate "2007.10.12"]
[EventType "swiss"]
[EventRounds "5"]
[EventCountry "ITA"]
[SourceTitle "EXT 2010"]
[Source "ChessBase"]
[SourceDate "2010.11.25"]
[SourceVersion "1"]
[SourceVersionDate "2010.11.25"]
[SourceQuality "1"]

1. e4 c5 2. Nf3 Nc6 3. d4 cxd4 4. Nxd4 Nf6 5. Nc3 d6 6. f3 e6 7. Be3 a6 8. Qd2 Be7 9. 0-0-0 0-0 10. g4 Nxd4 11. Bxd4 b5 12. g5 Nd7 13. h4 Qa5 14. Kb1 b4 15. Ne2 e5 16. Be3 Nc5 17. Nc1 Be6 18. Bh3 Rab8 19. Nb3 Nxb3 20. cxb3 Qb5 21. g6 Bxh3 22. gxh7+ Kxh7 23. Rxh3 Rfc8 24. Bg5 Bf8 25. Rh2 Rb7 26. Qg2 Rbc7 27. Qg4 a5 28. h5 a4 29. Qf5+ Kh8 30. h6 g6 31. Bf6+ Kh7 32. Qg5 axb3 33. Bg7 Be7 34. Qe3 bxa2+ 35. Ka1 b3 0-1